000 00916nam a2200277 a 4500
001 61604
003 BD-RjUL
005 20211209081000.0
008 500101s1954 enkabf b 001 0 eng c
035 _a(BD-RjUL)61728
040 _aTemple Univ. Library
_cBCT
_dBD-RjUL
_beng
041 _aeng
082 _a492
_223
_bDRS 1954
090 _aPJ3019
_b.D7 1954
100 1 _aDriver, G. R.
_q(Godfrey Rolles),
_d1892-1975.
_9183535
245 1 0 _aSemitic writing from pictograph to alphabet /
_cG.R. Driver.
250 _aRev. ed
260 _aLondon :
_bPublished for the British Academy by Oxford University Press,
_c1954.
300 _axvi, 238 p. :
_bill. ;
_c25 cm.
490 1 _aSchweich lectures ;
_v1944
504 _aIncludes bibliographical references and indexes.
650 0 _aSemitic languages
_9183536
650 0 _aAlphabet.
_9183537
830 0 _aSchweich lectures ;
_v1944
_9183544
942 _2ddc
_cBK
999 _c61604
_d61604